[Event "Vignola op 11th"]
[Site "Vignola"]
[Date "2012.11.18"]
[Round "4"]
[White "Di Trapani, Davide"]
[Black "Setti, Roberto"]
[Result "1-0"]
[WhiteElo "2090"]
[BlackElo "1976"]
[PlyCount "83"]
[EventDate "2012.11.16"]
[EventType "swiss"]
[EventRounds "5"]
[EventCountry "ITA"]
[SourceTitle "EXT 2014"]
[Source "ChessBase"]
[SourceDate "2013.11.20"]
[SourceVersion "1"]
[SourceVersionDate "2013.11.20"]
[SourceQuality "1"]

1. e4 e6 2. d4 d5 3. Nc3 Nf6 4. Bg5 Be7 5. e5 Nfd7 6. h4 h6 7. Bxe7 Qxe7 8. f4 a6 9. Qg4 f5 10. exf6 Nxf6 11. Qg6+ Qf7 12. Qxf7+ Kxf7 13. Nf3 Nbd7 14. Bd3 Ng4 15. 0-0 c5 16. h5 cxd4 17. Nxd4 Ndf6 18. Bg6+ Ke7 19. Rfe1 Kd6 20. Rad1 Bd7 21. Bf7 e5 22. Nf3 exf4 23. Nxd5 Nxd5 24. Rxd5+ Kc7 25. Re7 Rad8 26. Nd4 Kc8 27. Ne6 Nf6 28. Rc5+ Bc6 29. Nxd8 Rxd8 30. Be6+ Kb8 31. Rxg7 Rd1+ 32. Kh2 Rd2 33. Rf5 Ne8 34. Rg8 Kc7 35. Rxf4 Kd6 36. Rg6 Ke5 37. Rf1 Be4 38. Re1 Nf6 39. Bb3 Nxh5 40. Re6+ Kf5 41. R6xe4 Nf4 42. Rxf4+ 1-0

[Event "Vignola op 11th"]
[Site "Vignola"]
[Date "2012.11.17"]
[Round "3"]
[White "Setti, Roberto"]
[Black "Buriani, Andrea"]
[Result "1/2-1/2"]
[WhiteElo "1976"]
[BlackElo "2081"]
[PlyCount "39"]
[EventDate "2012.11.16"]
[EventType "swiss"]
[EventRounds "5"]
[EventCountry "ITA"]
[SourceTitle "EXT 2014"]
[Source "ChessBase"]
[SourceDate "2013.11.20"]
[SourceVersion "1"]
[SourceVersionDate "2013.11.20"]
[SourceQuality "1"]

1. c4 e5 2. Nc3 Nc6 3. Nf3 f5 4. d4 e4 5. Bg5 Be7 6. Bxe7 Qxe7 7. Nd5 Qd6 8. Nd2 Nf6 9. Nxf6+ Qxf6 10. e3 0-0 11. Qb3 b6 12. g3 Kh8 13. Qa4 a5 14. a3 Bb7 15. Bg2 Rf7 16. 0-0 g5 17. Qc2 Re8 18. Qc3 g4 19. b4 h5 20. Rfc1 1/2-1/2

[Event "Sunningdale e2e4 Major op"]
[Site "Sunningdale"]
[Date "2011.05.30"]
[Round "7"]
[White "Tart, Peter K"]
[Black "Setti, Roberto"]
[Result "1-0"]
[WhiteElo "1924"]
[BlackElo "1933"]
[PlyCount "58"]
[EventDate "2011.05.27"]
[EventType "swiss"]
[EventRounds "7"]
[EventCountry "ENG"]
[SourceTitle "EXT 2023"]
[Source "ChessBase"]
[SourceDate "2022.10.05"]
[SourceVersion "1"]
[SourceVersionDate "2022.10.05"]
[SourceQuality "1"]

1. e4 e6 2. d4 d5 3. c4 dxe4 4. Nc3 Nf6 5. f3 Bb4 6. Qa4+ Nc6 7. a3 Bxc3+ 8. bxc3 h6 9. Qc2 exf3 10. Nxf3 b6 11. Bd3 Bb7 12. 0-0 Qd7 13. d5 exd5 14. Re1+ Kd8 15. Bf4 Re8 16. Bf5 Re6 17. cxd5 Nxd5 18. Rad1 Nce7 19. Bxe6 fxe6 20. c4 Qc6 21. Ne5 Qc5+ 22. Be3 Qxa3 23. cxd5 Bxd5 24. Nc6+ Kd7 25. Nxe7 Qxe7 26. Bxb6 axb6 27. Rxd5+ Kc8 28. Rde5 Qb4 29. Rxe6 Kb7 1-0

[Event "Cento op 1st"]
[Site "Cento"]
[Date "2011.02.12"]
[Round "9"]
[White "Lagrotteria, Salvatore"]
[Black "Setti, Roberto"]
[Result "1-0"]
[WhiteElo "2183"]
[BlackElo "1939"]
[PlyCount "67"]
[EventDate "2011.02.05"]
[EventType "swiss"]
[EventRounds "9"]
[EventCountry "ITA"]
[SourceTitle "CBM 140 Extra"]
[Source "ChessBase"]
[SourceDate "2011.03.01"]
[SourceVersion "1"]
[SourceVersionDate "2011.03.01"]
[SourceQuality "1"]

1. d4 e6 2. c4 b6 3. Nf3 Bb7 4. g3 Bb4+ 5. Bd2 Bxf3 6. exf3 Bxd2+ 7. Nxd2 Nf6 8. Bg2 d5 9. f4 0-0 10. 0-0 Qd6 11. cxd5 exd5 12. a3 Nbd7 13. b4 c5 14. dxc5 bxc5 15. Nc4 Qe6 16. Re1 Ne4 17. Ne3 Nc3 18. Qd3 Qf6 19. Nxd5 Nxd5 20. Qxd5 Rfd8 21. bxc5 Rac8 22. Rac1 g6 23. c6 Nb8 24. Qa5 Nxc6 25. Bxc6 Qb2 26. Qb4 Qa2 27. Bf3 Rb8 28. Qe7 a5 29. Re2 Qb3 30. Re3 Qa2 31. f5 Rd4 32. f6 h5 33. Qe5 Qd2 34. Qxb8+ 1-0

[Event "Modena Province-ch 11"]
[Site "Modena"]
[Date "2010.12.12"]
[Round "5"]
[White "Setti, Roberto"]
[Black "Castelli, Antonio"]
[Result "1-0"]
[WhiteElo "1901"]
[BlackElo "1703"]
[PlyCount "62"]
[EventDate "2010.12.10"]
[EventType "swiss"]
[EventRounds "5"]
[EventCountry "ITA"]
[SourceTitle "EXT 2024"]
[Source "ChessBase"]
[SourceDate "2023.10.10"]
[SourceVersion "1"]
[SourceVersionDate "2023.10.10"]
[SourceQuality "1"]

1. d4 d5 2. c4 c6 3. Nf3 Bf5 4. e3 e6 5. Nc3 Bd6 6. Qb3 Qb6 7. Bd2 Qxb3 8. axb3 Bc2 9. c5 Bc7 10. b4 a6 11. b5 Ne7 12. b6 Bd8 13. b4 0-0 14. Ra2 Bg6 15. b5 f6 16. bxa6 Nxa6 17. Bxa6 Rxa6 18. Rxa6 bxa6 19. 0-0 Bd3 20. Ra1 Nf5 21. Na2 Be7 22. Nb4 Bb5 23. Nxa6 Bxa6 24. Rxa6 Rb8 25. Ra7 Kf7 26. Ba5 e5 27. dxe5 Ke6 28. exf6 Bxf6 29. g4 Ne7 30. Nd4+ Ke5 31. Rxe7+ Bxe7 1-0

[Event "Modena Province-ch 11"]
[Site "Modena"]
[Date "2010.12.11"]
[Round "2"]
[White "Rovatti, Guido"]
[Black "Setti, Roberto"]
[Result "1/2-1/2"]
[WhiteElo "1695"]
[BlackElo "1901"]
[PlyCount "65"]
[EventDate "2010.12.10"]
[EventType "swiss"]
[EventRounds "5"]
[EventCountry "ITA"]
[SourceTitle "EXT 2024"]
[Source "ChessBase"]
[SourceDate "2023.10.10"]
[SourceVersion "1"]
[SourceVersionDate "2023.10.10"]
[SourceQuality "1"]

1. d4 e6 2. c4 Nf6 3. e3 Be7 4. Bd3 0-0 5. Nf3 b6 6. e4 d5 7. cxd5 exd5 8. e5 Ne4 9. 0-0 c5 10. Nc3 Bb7 11. Re1 cxd4 12. Nxe4 dxe4 13. Bxe4 Bxe4 14. Rxe4 Bc5 15. b4 Bxb4 16. Rxd4 Qe7 17. Bg5 Qc5 18. Rc1 Qa5 19. Qb3 Na6 20. a3 Qxa3 21. Qxa3 Bxa3 22. Ra1 Bb2 23. Rxa6 Bxd4 24. Nxd4 f6 25. exf6 gxf6 26. Bh4 Rfc8 27. f4 Rc4 28. Bxf6 Kf7 29. Be5 Rc5 30. Bd6 Rd5 31. Be5 Rc5 32. Bd6 Rd5 33. Be5 1/2-1/2

[Event "Vignola Weekend-A 9th"]
[Site "Vignola"]
[Date "2010.11.13"]
[Round "3"]
[White "Rovatti, Guido"]
[Black "Setti, Roberto"]
[Result "0-1"]
[WhiteElo "1695"]
[BlackElo "1901"]
[PlyCount "59"]
[EventDate "2010.11.12"]
[EventType "swiss"]
[EventRounds "5"]
[EventCountry "ITA"]
[SourceTitle "EXT 2024"]
[Source "ChessBase"]
[SourceDate "2023.10.10"]
[SourceVersion "1"]
[SourceVersionDate "2023.10.10"]
[SourceQuality "1"]

1. d4 e6 2. c4 f5 3. Bf4 Nf6 4. e3 Bb4+ 5. Nd2 0-0 6. a3 Bxd2+ 7. Qxd2 d6 8. Nf3 Nbd7 9. b4 Ne4 10. Qc2 b6 11. h4 Ndf6 12. Ng5 h6 13. Nxe4 fxe4 14. Be2 Bb7 15. c5 Qe7 16. c6 Bc8 17. g4 e5 18. dxe5 dxe5 19. Bg3 Bxg4 20. Bxg4 Nxg4 21. Qxe4 Qe6 22. 0-0 Rae8 23. Rac1 Kh8 24. Qc4 Qg6 25. Qc2 e4 26. Qe2 Rf3 27. Rc3 Ne5 28. Kh1 Qg4 29. Kh2 Rxg3 30. fxg3 0-1

[Event "Vignola Weekend-A 9th"]
[Site "Vignola"]
[Date "2010.11.13"]
[Round "2"]
[White "Setti, Roberto"]
[Black "Malfagia, Andrea"]
[Result "0-1"]
[WhiteElo "1901"]
[BlackElo "2269"]
[PlyCount "102"]
[EventDate "2010.11.12"]
[EventType "swiss"]
[EventRounds "5"]
[EventCountry "ITA"]
[SourceTitle "EXT 2024"]
[Source "ChessBase"]
[SourceDate "2023.10.10"]
[SourceVersion "1"]
[SourceVersionDate "2023.10.10"]
[SourceQuality "1"]

1. a3 e5 2. e3 d5 3. d4 e4 4. c4 c6 5. Nc3 Nf6 6. Qb3 a6 7. Bd2 b5 8. cxd5 cxd5 9. f3 Bd6 10. fxe4 Nxe4 11. Nf3 Nxd2 12. Kxd2 Be6 13. Bd3 Nc6 14. Rae1 Rc8 15. Rhf1 0-0 16. Ke2 Bb8 17. Kf2 Qd6 18. Kg1 h6 19. Qc2 b4 20. Bxa6 bxc3 21. Bxc8 Rxc8 22. Qxc3 Ne7 23. Qb3 Bf5 24. Rc1 Re8 25. Rc5 Be4 26. h3 Nf5 27. Ne5 Qa6 28. Qb5 Qxb5 29. Rxb5 Bxe5 30. Rxf5 Bxf5 31. dxe5 Rxe5 32. Rb8+ Kh7 33. Kf2 Re7 34. g4 Be4 35. Rb3 Rc7 36. a4 Rc2+ 37. Ke1 Kg6 38. h4 h5 39. Rb6+ f6 40. g5 Kf5 41. gxf6 gxf6 42. a5 Bd3 43. b4 Ra2 44. Rd6 Ke5 45. Rd8 Bc4 46. Re8+ Kf5 47. Kd1 Rb2 48. Rb8 Ke4 49. Kc1 Ra2 50. Re8+ Kd3 51. Kb1 Kc3 0-1

[Event "Vignola Weekend-A 9th"]
[Site "Vignola"]
[Date "2010.11.12"]
[Round "1"]
[White "Pomante, Sergio"]
[Black "Setti, Roberto"]
[Result "0-1"]
[WhiteElo "1639"]
[BlackElo "1901"]
[PlyCount "150"]
[EventDate "2010.11.12"]
[EventType "swiss"]
[EventRounds "5"]
[EventCountry "ITA"]
[SourceTitle "EXT 2024"]
[Source "ChessBase"]
[SourceDate "2023.10.10"]
[SourceVersion "1"]
[SourceVersionDate "2023.10.10"]
[SourceQuality "1"]

1. e4 e5 2. Nf3 Nc6 3. Bb5 a6 4. Ba4 Nf6 5. 0-0 Be7 6. Re1 b5 7. Bb3 d6 8. h3 0-0 9. c3 Na5 10. Bc2 c5 11. d4 Qc7 12. Be3 Nc4 13. Bc1 a5 14. b3 Nb6 15. Bb2 c4 16. Nbd2 a4 17. bxc4 a3 18. Bc1 Nxc4 19. Bb3 Bd7 20. Qc2 Rfc8 21. Qd3 Nb2 22. Bxb2 axb2 23. Rab1 Qxc3 24. Qxc3 Rxc3 25. Rxb2 exd4 26. Nxd4 Rac8 27. N4f3 h6 28. e5 dxe5 29. Nxe5 Ba3 30. Rbb1 Bf5 31. Nxf7 Bxb1 32. Nd6+ Rxb3 33. Nxc8 Bf5 34. Nxb3 Bxc8 35. Re5 Bd7 36. Nd4 Bb2 37. Rxb5 Bxd4 38. Rb8+ Kf7 39. Rb4 Bc5 40. Rc4 Bb6 41. g4 Ke6 42. Rb4 Nd5 43. Re4+ Kd6 44. Re2 Nf4 45. Rd2+ Kc6 46. Rc2+ Bc5 47. Kh2 Nd3 48. f3 Kb5 49. Rd2 Kc4 50. Rc2+ Kb4 51. Rd2 Kc3 52. Rd1 Kc2 53. Rf1 Bd6+ 54. Kg1 Be5 55. h4 Nc1 56. Rf2+ Kc3 57. Kg2 Bc6 58. a4 Bxa4 59. f4 Bc6+ 60. Kg3 Bd6 61. Rf1 Ne2+ 62. Kf2 Bxf4 63. Kxe2 Bb5+ 64. Kf2 Bxf1 65. Kxf1 Bg3 66. h5 Kd4 67. Kg2 Bh4 68. Kf3 Ke5 69. Ke3 Bg5+ 70. Kf3 Bc1 71. Kg3 Ke4 72. g5 Bxg5 73. Kg4 Bd2 74. Kh3 Kf4 75. Kh4 Be1+ 0-1

[Event "Cesenatico op 14th"]
[Site "Cesenatico"]
[Date "2010.09.03"]
[Round "5"]
[White "Lain, Luigi"]
[Black "Setti, Roberto"]
[Result "1-0"]
[WhiteElo "2223"]
[BlackElo "1834"]
[PlyCount "57"]
[EventDate "2010.08.30"]
[EventType "swiss"]
[EventRounds "9"]
[EventCountry "ITA"]
[SourceTitle "CBM 138 Extra"]
[Source "ChessBase"]
[SourceDate "2010.10.29"]
[SourceVersion "1"]
[SourceVersionDate "2010.10.29"]
[SourceQuality "1"]

1. d4 d5 2. c4 c6 3. Nc3 Nf6 4. cxd5 cxd5 5. Bf4 a6 6. Qa4+ Qd7 7. Qb3 Nc6 8. Nf3 e6 9. e3 Bd6 10. Bd3 Bxf4 11. exf4 Qc7 12. g3 Bd7 13. 0-0 0-0 14. Rac1 Rac8 15. Na4 b5 16. Nc5 Qa7 17. Qa3 Ra8 18. Rc2 Qb6 19. Rfc1 Rfc8 20. Nxd7 Nxd7 21. Qd6 Ndb8 22. Ne5 Rd8 23. Rxc6 Nxc6 24. Qxc6 Qxd4 25. Qc2 Qb6 26. Bxh7+ Kf8 27. Qc7 Qxc7 28. Rxc7 f6 29. Ng6+ 1-0

[Event "Mirandola Giovanni Pico 3rd"]
[Site "Mirandola"]
[Date "2010.01.17"]
[Round "5"]
[White "Moi, Roberto"]
[Black "Setti, Roberto"]
[Result "0-1"]
[WhiteElo "1945"]
[BlackElo "1786"]
[PlyCount "104"]
[EventDate "2010.01.15"]
[EventType "swiss"]
[EventRounds "5"]
[EventCountry "ITA"]
[SourceTitle "EXT 2024"]
[Source "ChessBase"]
[SourceDate "2023.10.10"]
[SourceVersion "1"]
[SourceVersionDate "2023.10.10"]
[SourceQuality "1"]

1. d4 d5 2. c4 c6 3. Nf3 Nf6 4. Nc3 dxc4 5. a4 Be6 6. e4 g6 7. Ne5 Bg7 8. Nxc4 0-0 9. Be2 Qc7 10. Be3 Rd8 11. Qc1 Na6 12. Ne5 Nb4 13. 0-0 a5 14. Bf4 Qc8 15. Nf3 Nh5 16. Bg5 Qc7 17. Ra3 Nf6 18. Bf4 Qc8 19. Be5 Bg4 20. Rd1 Bxf3 21. Bxf3 Qe6 22. Ne2 Qd7 23. Nf4 Bh6 24. Qc3 Ng4 25. Nd3 Nxe5 26. Nxe5 Qc7 27. Be2 Bg7 28. Nf3 Rd7 29. Qc4 e6 30. e5 Rad8 31. Raa1 Bf8 32. Ng5 Qb6 33. Nf3 c5 34. dxc5 Bxc5 35. Qb5 Bxf2+ 36. Kf1 Rxd1+ 37. Rxd1 Rxd1+ 38. Bxd1 Qxb5+ 39. axb5 Bc5 40. Ke2 h5 41. Ne1 Bd4 42. Nd3 Nxd3 43. Kxd3 Bxe5 44. b6 Bxh2 45. Bf3 Bg1 46. Bxb7 Bxb6 47. b3 Bc5 48. Ke4 f6 49. Bc8 Kf7 50. Bd7 Ba3 51. Kf4 f5 52. Bc6 Kf6 0-1

[Event "Modena Province-ch"]
[Site "Modena"]
[Date "2009.12.13"]
[Round "5"]
[White "Setti, Roberto"]
[Black "Castelli, Antonio"]
[Result "1-0"]
[WhiteElo "1721"]
[BlackElo "1749"]
[PlyCount "84"]
[EventDate "2009.12.11"]
[EventType "swiss"]
[EventRounds "5"]
[EventCountry "ITA"]
[SourceTitle "EXT 2012"]
[Source "ChessBase"]
[SourceDate "2011.11.24"]
[SourceVersion "1"]
[SourceVersionDate "2011.11.24"]
[SourceQuality "1"]

1. c4 c5 2. Nc3 Nc6 3. Nf3 Nf6 4. g3 g6 5. Bg2 Bg7 6. 0-0 0-0 7. d3 d5 8. cxd5 Nxd5 9. Bd2 Nf6 10. Qc1 Nd4 11. Re1 Nd5 12. Nxd5 Qxd5 13. Nxd4 Qxd4 14. Bc3 Qd6 15. Bxg7 Kxg7 16. Qc3+ Qd4 17. Rec1 Be6 18. Qxd4+ cxd4 19. Bxb7 Rab8 20. Rc7 Bc8 21. Bxc8 Rfxc8 22. Rxc8 Rxc8 23. Kf1 e5 24. Ke1 f5 25. Kd2 Kf6 26. Rc1 Rxc1 27. Kxc1 f4 28. Kd2 Kg5 29. Ke1 Kg4 30. Kf1 f3 31. b4 h5 32. h4 fxe2+ 33. Kxe2 g5 34. hxg5 Kxg5 35. Kf3 Kf5 36. a4 Ke6 37. Ke4 Kd6 38. f3 Ke6 39. b5 Kd6 40. a5 Kc5 41. b6 axb6 42. axb6 Kxb6 1-0

[Event "Modena Province-ch"]
[Site "Modena"]
[Date "2009.12.12"]
[Round "3"]
[White "Setti, Roberto"]
[Black "Panini, Emanuele"]
[Result "1-0"]
[WhiteElo "1721"]
[BlackElo "1988"]
[PlyCount "67"]
[EventDate "2009.12.11"]
[EventType "swiss"]
[EventRounds "5"]
[EventCountry "ITA"]
[SourceTitle "EXT 2012"]
[Source "ChessBase"]
[SourceDate "2011.11.24"]
[SourceVersion "1"]
[SourceVersionDate "2011.11.24"]
[SourceQuality "1"]

1. c4 e5 2. Nc3 c5 3. Nf3 d6 4. g3 Nc6 5. Bg2 Be7 6. 0-0 f5 7. d3 g5 8. Nd5 h6 9. a3 a5 10. Bd2 Nf6 11. Nxe7 Kxe7 12. Bc3 Bd7 13. e3 Kf7 14. Ne1 g4 15. Nc2 h5 16. b4 axb4 17. axb4 cxb4 18. Nxb4 Qb6 19. Nd5 Nxd5 20. Bxd5+ Kf6 21. Rb1 Qc7 22. f4 h4 23. fxe5+ dxe5 24. e4 hxg3 25. exf5 Bxf5 26. Rxf5+ Kxf5 27. Be4+ Kg5 28. Bd2+ Kf6 29. Qxg4 gxh2+ 30. Kh1 Ke7 31. Qg7+ Kd6 32. Qf6+ Kc5 33. Rb5+ Kd4 34. Qf2# 1-0